000 00724aam a2200289 4500
005 20260519181845.0
008 260519b2019 |||||||| |||| 00| 0 eng d
020 _a9780194528566
041 _aING
082 _a428 C898w
100 _aCraven, Miles
245 _aWide angle
260 _aEstados Unidos
260 _bOxford University Press
260 _c2019
300 _a176 páginas
_bContiene Ilustraciones y fotografías a color
490 _aEnseñanza de Idiomas
505 _aPracticas en línea
650 _aINGLÉS
650 _aENSEÑANZA
650 _aAPRENDIZAJE
650 _aVOCABULARIO
650 _aPRONUNCIACIÓN
650 _aLECTURA
650 _aESCRITURA
942 _2ddc
_cBK
999 _c13930
_d13930